000 00843nas a2200277 4500
001 BR0104115
003 BR-BrBNA
005 20231205102410.0
007 ta
008 230509b bl.|||p| |||| 00| 00por d
040 _aBR-BrBNA
_bpor
_cBiblioteca Nacional de Agricultura
041 _a(Pt)
072 _aE71
100 1 _aColsera, L.
100 1 _aHenz, R.
245 1 _aA retomada das negociacoes agricolas na OMC
650 _aMercado Mundial
650 _aAgribusiness
650 _aPolítica Governamental
650 _aPolítica Economica
650 _aGATT
773 0 _tRevista de Política Agrícola (Brazil)
_xISSN 1413-4969
_g(Oct-Dec 2000), v. 9(4) p. 11-46
_wBR0104115
856 4 _uRev_Pol_Agr_v9_n4-2000.pdf#page=12
_yRecurso eletrônico (PDF)
909 _a202311
_bLúcia
_c55
_dLúcia Elande
942 _2AGRIS
_n0
_cANA
999 _c167375
_d167375